000 00610nam a2200229Ia 4500
003 OSt
005 20221007071913.0
006 a|||||r|||| 00| 0
007 ta
008 221006b |||||||| |||| 00| 0 eng d
024 _a26,100
037 _cTextual
040 _aFLL
_cFLL
_beng
041 _2eng
_aeng
082 _aZ3:47, E7
100 _aOdgers W. Blake
_9637281
245 0 _aOutlline of the law of libel
260 _aLondon
_bMacmillan and Co. Ltd. London
_c1897
300 _aviii,1-230p
_ccm.
942 _hZ3:47, E7
_cTEXL
_2CC
999 _c1144631
_d1144631